Państwa Azji zakończone na -a. - Statystyki

Ogólne statystyki
  • Ten quiz został rozwiązany 63 razy
  • Średni wynik to 14 z 16
Statystyki odpowiedzi
Pierwsza litera Państwo % Poprawnych
J Japonia
98%
I Indonezja
94%
K Korea Północna
94%
K Korea Południowa
94%
G Gruzja
91%
T Tajlandia
89%
A Armenia
87%
T Turcja
87%
A Arabia Saudyjska
85%
M Mongolia
83%
M Malezja
81%
K Kambodża
80%
J Jordania
76%
S Syria
76%
S Sri Lanka
72%
M Mjanma
67%
Nie znaleziono quizów pasujących do podanych kryteriów
Rozkład punktacji
Procent ludzi z każdym wynikiem
Percentyl według liczby udzielonych odpowiedzi
Twoja historia wyników
Nie rozwiązałeś tego quizu